Production and materials management : (Record no. 85067)
[ view plain ]
| 000 -LEADER | |
|---|---|
| fixed length control field | 00505nam a22001697a 4500 |
| 005 - DATE AND TIME OF LATEST TRANSACTION | |
| control field | 20140612120310.0 |
| 010 ## - LCCN (DPL NO) | |
| LC control number | ENG-110202 |
| 020 ## - INTERNATIONAL STANDARD BOOK NUMBER | |
| International Standard Book Number | 9788179981399 |
| Terms of availability | 275.00 |
| 035 ## - SYSTEM CONTROL NUMBER | |
| System control number | EN-93734 |
| 037 ## - SOURCE OF ACQUISITION | |
| Source of stock number/acquisition | DBAD/PUB |
| 100 ## - MAIN ENTRY--PERSONAL NAME | |
| Personal name | Sudha, G.S. |
| 245 ## - TITLE STATEMENT | |
| Title | Production and materials management : |
| Statement of responsibility, etc | by G.S. Sudha |
| Remainder of title | with mini cases, problems and helpful hints / |
| 260 ## - PUBLICATION, DISTRIBUTION, ETC. (IMPRINT) | |
| Place of publication, distribution, etc | Jaipur |
| Name of publisher, distributor, etc | Malik and company |
| Date of publication, distribution, etc | 2014 |
| 270 ## - ADDRESS | |
| Address | 337, chaura rasta |
| City | Jaipur |
| Postal code | 302003 |
| 300 ## - PHYSICAL DESCRIPTION | |
| Extent | 360p. |
| Dimensions | 23cm(pbk) |
| 942 ## - ADDED ENTRY ELEMENTS (KOHA) | |
| Source of classification or shelving scheme | Dewey Decimal Classification |
| Item type | English Books |
| Call number suffix | SUD |
No items available.
